000
00290nam a2200121Ia 4500
008
240624s9999 xx 000 0 und d
041
_a
eng
082
_a
828 ROU
100
_a
ROUSSEAU JEAN JACQUES
245
_a
SOCIAL CONTRACT
260
_a
London
_b
Penguin
300
_a
168 : p. : cm. ; 18
999
_c
19427
_d
19427